000 00291nam a22001337a 4500
008 170606b xxu||||| |||| 00| 0 eng d
020 _a9780205835072
041 _aeng
080 _a328
100 _a18
101 _aSHP
245 _aGOVERNMENT BY THE PEOPLE
_cMAGLEBY
942 _2udc
_cBK
999 _c16196
_d16196